00693nam a22002057a 4500003000400000008004100004082001700045100002900062245014100091260003900232300000900271502001700280650001300297650000900310650001100319650001100330942001100341999001700352952011800369OSt260506b |||||||| |||| 00| 0 eng d a633.18bC32E aChoudhary, Sanjay Kumar. aEffect of Nitrogen and Zinc on Growth, Nutrient Uptake and Productivity of Mid-Land Rice (Oryza Sativa L.) / cby Sanjay Kumar Choudhary a.- Pusa, Samastipurb: RAUc, 2001 a93p. bPh. D.d2001 aAgronomy aRice aThesis aPh. D. 2ddccT c50456d50456 00102ddc4070aRAUbRAUd2026-05-06eby Authorg0.00l0o633.18 C32Ep49285-ULr2026-05-06w2026-05-06yTkGift